Score 0/12 Timer 00:30
4 Plays Today
% Correct
Filthy
97.2%
Muddy
96.2%
Grimy
95.5%
Dusty
95.5%
Grubby
94.6%
Cruddy
94.4%
Grungy
93.7%
Crummy
93.4%
Sooty
90.4%
Lousy
88.3%
Sullied
87.4%
Untidy
82.9%

Today's Daily Dose

From the Vault

UK Pub Quiz: A to Z

by ZYX

Now the real challenge for quiz bonus points is getting a drink at a pub for each letter of the alphabet in one night.
Remove Ads.
Support Sporcle.
Get the best of Sporcle when you Go Orange. This ad-free experience offers more features, more stats, and more fun while also helping to support Sporcle. Thank you for becoming a member.

Show Comments

Extras

Top Quizzes Today


Score Distribution

Your Account Isn't Verified!

In order to create a playlist on Sporcle, you need to verify the email address you used during registration. Go to your Sporcle Settings to finish the process.

Report this User

Report this user for behavior that violates our Community Guidelines.

Details: